书目信息 |
| 题名: |
汽车美容与装饰百问百答
|
|
| 作者: | 郁大同 编著 | |
| 分册: | ||
| 出版信息: | 北京 中国电力出版社 2007.02 |
|
| 页数: | 182页 | |
| 开本: | 20cm | |
| 丛书名: | 汽车服务人员百问百答系列书 | |
| 单 册: | ||
| 中图分类: | U472-44 | |
| 科图分类: | ||
| 主题词: | 汽车--qi che--车辆保养--问答 | |
| 电子资源: | ||
| ISBN: | 978-7-5083-5006-6 | |
| 000 | 00995nam 2200265 450 | |
| 001 | 012008431451 | |
| 005 | 20080611161217.50 | |
| 010 | @a978-7-5083-5006-6@dCNY13.00 | |
| 100 | @a20080610d2007 em y0chiy0120 ea | |
| 101 | 0 | @achi |
| 102 | @aCN@b110000 | |
| 105 | @aak a 000yy | |
| 106 | @ar | |
| 200 | 1 | @a汽车美容与装饰百问百答@Aqi che mei rong yu zhuang shi bai wen bai da@f郁大同编著@Fyu da tong bian zhu |
| 210 | @a北京@c中国电力出版社@d2007.02 | |
| 215 | @a182页@c图@d20cm | |
| 225 | 2 | @a汽车服务人员百问百答系列书@Aqi che fu wu ren yuan bai wen bai da xi lie shu |
| 320 | @a有书目 (第182页) | |
| 330 | @a主要内容包括:汽车美容与装饰概论、汽车美容用品及选用、汽车美容设备、车表美容、汽车内饰美容、漆面美容、汽车防护、汽车外装饰、汽车内装饰几部分。 | |
| 410 | 0 | @12001 @a汽车服务人员百问百答系列书 |
| 606 | 0 | @a汽车@Aqi che@x车辆保养@j问答 |
| 690 | @aU472-44@v4 | |
| 701 | 0 | @a郁大同@Ayu da tong@4编著 |
| 801 | 0 | @aCN@bQSSK@c20080611 |
| 905 | @b725428-30@dU472-44@eY843@f3 | |
| 汽车美容与装饰百问百答/郁大同编著.-北京:中国电力出版社,2007.02 |
| 182页:图;20cm.-(汽车服务人员百问百答系列书) |
| ISBN 978-7-5083-5006-6:CNY13.00 |
| 主要内容包括:汽车美容与装饰概论、汽车美容用品及选用、汽车美容设备、车表美容、汽车内饰美容、漆面美容、汽车防护、汽车外装饰、汽车内装饰几部分。 |
| ● |
| 相关链接 |
|
|
|
正题名:汽车美容与装饰百问百答
索取号:U472-44/Y843
 
预约/预借
| 序号 | 登录号 | 条形码 | 馆藏地/架位号 | 状态 | 备注 |
| 1 | 725428 | 207254282 | 自科库501/501自科库 57排3列1层/ [索取号:U472-44/Y843] | 在馆 | |
| 2 | 725429 | 207254291 | 自科库501/501自科库 57排3列1层/ [索取号:U472-44/Y843] | 在馆 | |
| 3 | 725430 | 207254308 | 自科库501/501自科库 57排3列1层/ [索取号:U472-44/Y843] | 在馆 |